Statistiken für Karte ohne 10 zufällige europäische Länder

Klicken Sie hier um das Quiz zu spielen!

Allgemein

  • Dieses Quiz wurde 34.088 mal gespielt
  • Das Durchschnittsergebnis liegt bei 8 aus 10

Antworten auf der Karte

Die Antworten werden auf der Karte rot bzw. grün angezeigt, abhängig davon wie oft sie richtig erraten wurden.
 

Antwortstatistiken

Land% Korrekt
Deutschland
100%
Frankreich
99%
Österreich
98%
Polen
98%
Schweden
97%
Schweiz
97%
Finnland
95%
Italien
95%
Tschechien
95%
Belarus
94%
Spanien
94%
Russland
93%
Ukraine
93%
Norwegen
92%
Litauen
90%
Lettland
89%
Vereinigtes Königreich
89%
Belgien
88%
Slowakei
88%
Ungarn
88%
Luxemburg
87%
Rumänien
87%
Dänemark
86%
Kroatien
86%
Serbien
85%
Slowenien
85%
Niederlande
83%
Portugal
83%
Estland
82%
Kosovo
82%
Griechenland
81%
Bosnien und Herzegowina
80%
Moldawien
78%
Nordmazedonien
78%
Island
77%
Bulgarien
76%
Irland
73%
Montenegro
73%
Albanien
72%
Andorra
63%
Malta
63%
San Marino
62%
Vatikanstadt
57%
Liechtenstein
52%
Monaco
50%

Verteilung der Resultate

Perzentil nach korrekt beantworteten Fragen

Anzahl Personen mit jedem Resultat

Ihre Resultats-Entwicklung

Sie haben dieses Quiz noch nicht gespielt